Katowice mapa ciekawostek - Statystyki

Ogólne statystyki
  • Ten quiz został rozwiązany 39 razy
  • Średni wynik to 13 z 23
Odpowiedzi na mapie
Odpowiedzi zakodowano w zielono-czerwonej skali na mapie do tego quizu, zgodnie z poniższymi procentami.
 
Statystyki odpowiedzi
Odpowiedź % Poprawnych
Śródmieście
96%
Dąb
86%
Murcki
82%
Osiedle Tysiąclecia
79%
Osiedle Tysiąclecia
79%
Muchowiec
75%
Giszowiec
68%
Koszutka
68%
Bogucice
61%
Podlesie
61%
Załęże
61%
Zarzecze
61%
Dąbrówka Mała
57%
Kostuchna
50%
Osiedle Witosa
50%
Zawodzie
50%
Janów Nikiszowiec
39%
Szopienice Burowiec
39%
Załęska Hałda Brynów
36%
Piotrowice Ochojec
32%
Wełnowiec Józefowiec
29%
Brynów Osiedle Zgrzebnioka
21%
Pierdolniki
11%
Nie znaleziono quizów pasujących do podanych kryteriów
Rozkład punktacji
Procent ludzi z każdym wynikiem
Percentyl według liczby udzielonych odpowiedzi
Twoja historia wyników
Nie rozwiązałeś tego quizu